000 00315nam a2200109 4500
999 _c9511
_d9511
008 180706b ||||| |||| 00| 0 eng d
245 _aBeware of toxic Pokemon toys/
_cChito A. Chavez
260 _aPhilippines
_bManila Bulletin
_cc2016
300 _apage 5.
650 0 _928278
_aPoison and poisoning.
942 _2ddc
_cPER